Let's go visiting / (Record no. 5886)

MARC details
000 -LEADER
fixed length control field 00923nam a22003017a 4500
001 - CONTROL NUMBER
control field 5886
003 - CONTROL NUMBER IDENTIFIER
control field FISKH
005 - DATE AND TIME OF LATEST TRANSACTION
control field 20250602121156.0
008 - FIXED-LENGTH DATA ELEMENTS--GENERAL INFORMATION
fixed length control field 250130b cb ||||| |||| 00| 0 eng d
020 ## - INTERNATIONAL STANDARD BOOK NUMBER
International Standard Book Number 0439216478
040 ## - CATALOGING SOURCE
Original cataloging agency FISKH
Language of cataloging eng
Transcribing agency FISKH
Modifying agency FISKH
050 ## - LIBRARY OF CONGRESS CALL NUMBER
Classification number PZ8.W67927 L
082 ## - DEWEY DECIMAL CLASSIFICATION NUMBER
Classification number 829.1
100 ## - MAIN ENTRY--PERSONAL NAME
Personal name Williams, Sue
Dates associated with a name (1948–)
245 ## - TITLE STATEMENT
Title Let's go visiting /
Statement of responsibility, etc. Written by Sue Williams Illustrated by Julie Vivas
250 ## - EDITION STATEMENT
Edition statement First printing in 2000
260 ## - PUBLICATION, DISTRIBUTION, ETC.
Place of publication, distribution, etc. New York :
Name of publisher, distributor, etc. Scholastic,
Date of publication, distribution, etc. 1998.
300 ## - PHYSICAL DESCRIPTION
Extent 30 pages :
Other physical details color illustrations ;
Dimensions 23 cm
505 ## - FORMATTED CONTENTS NOTE
Formatted contents note E<br/>
520 ## - SUMMARY, ETC.
Summary, etc. A counting story in which a boy visits his farmyard friends, from one brown foal to six yellow puppies.
521 8# - TARGET AUDIENCE NOTE
Target audience note 190<br/>
Source Lexile<br/>
521 8# - TARGET AUDIENCE NOTE
Target audience note E<br/>
Source Raz-Plus<br/>
650 ## - SUBJECT ADDED ENTRY--TOPICAL TERM
Source of heading or term Counting
Topical term or geographic name entry element Animals
650 ## - SUBJECT ADDED ENTRY--TOPICAL TERM
Source of heading or term Big book
Topical term or geographic name entry element Colors
700 ## - ADDED ENTRY--PERSONAL NAME
Personal name Vivas, Julie
Dates associated with a name illustrator
942 ## - ADDED ENTRY ELEMENTS (KOHA)
Source of classification or shelving scheme Dewey Decimal Classification
Koha item type Books
Suppress in OPAC No
Holdings
Withdrawn status Lost status Source of classification or shelving scheme Damaged status Not for loan Collection Home library Current library Shelving location Date acquired Total Checkouts Full call number Barcode Date last seen Copy number Price effective from Koha item type
    Dewey Decimal Classification     Juvenile Fiction Footprints International School Library Network Toul Kork Campus Footprints International School Library Network Toul Kork Campus TK Primary Library Room(4th Floor), Bookcase 7, Shelves 57-60, Dark Green Books 01/30/2025   WIL 829.1 PZ8.W67927 L 2025-0108 01/30/2025 1 01/30/2025 Books
    Dewey Decimal Classification     Juvenile Fiction Footprints International School Library Network Toul Kork Campus Footprints International School Library Network Toul Kork Campus TK Primary Library Room(4th Floor), Bookcase 7, Shelves 57-60, Dark Green Books 06/02/2025   WIL 829.1 PZ8.W67927 L FISTK01856 06/02/2025 2 06/02/2025 Books
    Dewey Decimal Classification     Juvenile Fiction Footprints International School Library Network Toul Tom Poung Campus Footprints International School Library Network Toul Tom Poung Campus TTP Primary Green Bookshelves 09/09/2025   WIL 829.1 PZ8.W67927 L FIS02101 09/09/2025 3 09/09/2025 Books
    Dewey Decimal Classification     Juvenile Fiction Footprints International School Library Network Toul Tom Poung Campus Footprints International School Library Network Toul Tom Poung Campus TTP Primary Green Bookshelves 10/09/2025   WIL 829.1 PZ8.W67927 L 2025-4516 10/09/2025 4 10/09/2025 Books